| 000 -ლიდერი |
| ფიქსირებული სიგრძის საკონტროლო ველი |
01739nam a22002417a 4500 |
| 003 - საკონტროლო ნომრის იდენტიფიკატორი |
| საკონტროლო ველი |
Ge_BSU |
| 005 - ბოლო ოპერაციის თარიღი და დრო |
| საკონტროლო ველი |
20230616172441.0 |
| 008 - ფიქსირებული სიგრძის მონაცემთა ელემენტები - ზოგადი ინფორმაცია |
| ფიქსირებული სიგრძის საკონტროლო ველი |
230616s2003 ge ||||| |||| 00| 0 geo d |
| 041 ## - ენის კოდი |
| Language code of text/sound track or separate title |
geo |
| 080 ## - უნივერსალური ათობითი კლასიფიკაციის ინდექსი |
| Universal Decimal Classification number |
821.353.1.09-13 რ-93 |
| 245 ## - ცნობა სათაურის შესახებ |
| Title |
რუსთველოლოგია : |
| Remainder of title |
ტომი II / |
| Statement of responsibility, etc |
რედაქტორი: გურამ ბენაშვილი, ნესტან სულავა ; საქართველოს მეცნიერებათა აკადემია, შოთა რუსთაველის სახელობის ქართული ლიტერატურის ინსტიტუტი. |
| 264 ## - წარმოების, გამოცემის, დისტრიბუციის და სხვა ცნობები |
| გამოცემის, წარმოების, დისტრიბუციის... ადგილი |
თბილისი, |
| გამოცემის, წარმოების, დისტრიბუციის... თარიღი |
2003. |
| 300 ## - ფიზიკური აღწერა |
| Extent |
371 გვ.; |
| Other physical details |
21 სმ. |
| 500 ## - ზოგადი შენიშვნა |
| General note |
ეძღვნება ვეფხვისტყაოსნის ვახტანგისეული გამოცემის 290 წლისთავს |
| 653 ## - INDEX TERM--UNCONTROLLED |
| Uncontrolled term |
რუსთაველი, შოთა |
| 653 ## - INDEX TERM--UNCONTROLLED |
| Uncontrolled term |
რუსთველოლოგია. |
| 653 ## - INDEX TERM--UNCONTROLLED |
| Uncontrolled term |
შოთა რუსთაველი და მისი "ვეფხისტყაოსანი" |
| 653 ## - INDEX TERM--UNCONTROLLED |
| Uncontrolled term |
ვახტანგისეული "ვეფხისტყაოსანი". |
| 700 ## - ADDED ENTRY--PERSONAL NAME |
| Personal name |
ბენაშვილი, გ |
| Relator term |
რედაქტორი |
| 9 (RLIN) |
10211 |
| 700 ## - ADDED ENTRY--PERSONAL NAME |
| Personal name |
სულავა, ნ. |
| Relator term |
რედაქტორი |
| 9 (RLIN) |
10212 |
| 710 ## - ADDED ENTRY--CORPORATE NAME |
| Corporate name or jurisdiction name as entry element |
საქართველოს მეცნიერებათა აკადემია |
| Subordinate unit |
შოთა რუსთაველის სახელობის ქართული ლიტერატურის ინსტიტუტი |
| 9 (RLIN) |
18786 |
| 942 ## - ADDED ENTRY ELEMENTS (KOHA) |
| Source of classification or shelving scheme |
|
| Koha item type |
წიგნი |